Laser Refrigeration of Solids IV

Podrobná bibliografie
Další autoři: Epstein, Richard
Médium: Elektronický zdroj Kniha
Jazyk:English
Vydáno: SPIE Digital Library, 2/3/11
Témata:
On-line přístup:Full text available on Research4Life (SPIE Digital Library)
Classic Catalogue: View this record in Classic Catalogue
LEADER 00859cam a2200181 a 4500
001 AALConferenceProceedingsResearch4Life(SPIE)007608
008 240908c9999 xx r poo 0 0eng d
020 |a 9780819484888 
040 |a BD-DhAAL  |c BD-DhAAL 
245 0 0 |h [electronic resource]  |a Laser Refrigeration of Solids IV 
260 1 |b SPIE Digital Library,  |c 2/3/11 
300 |a 1 online resource 
500 |a <strong>On-Campus Access Only (IP based access)</strong> 
506 |a Electronic access restricted to authorized BRAC University faculty, staff and students 
538 |a Mode of access: Internet 
655 7 |a Conference papers and proceedings.  |2 Library of Congress 
700 1 |a Epstein, Richard 
856 4 0 |z Full text available on Research4Life (SPIE Digital Library)  |u https://login.research4life.org/tacsgr1www_spiedigitallibrary_org/conference-proceedings-of-spie/7951